000 00726cam a22002771 4500
001 sa 68001378
003 DLC
005 20260227112432.0
008 891228s1966 ii b 000 0 urdr
010 _asa 68001378
035 _a(OCoLC)20833219
040 _aDLC
_cWaU
_dDLC
041 0 _aurdper
042 _apremarc
043 _aa-ii---
_aa-ir---
050 0 0 _aPK2170
_b.S95
100 0 _aSayyidah Jaʻfar,
_d1934-
245 1 0 _aDakanī rubāʻiyān̲.
260 _c[1966]
300 _a6, 221 p.
_c22 cm.
500 _aPersian and Urdu.
504 _aBibliographical footnotes.
650 0 _aUrdu poetry
_xHistory and criticism.
650 0 _aPersian poetry
_xHistory and criticism.
650 0 _aQuatrain.
999 _c77904
_d77904